[Event "Open Aubagne"]
[Site "Aubagne"]
[Date "2024.01.20"]
[Round "5.20"]
[White "Pouliquen, Gilbert"]
[Black "Guelai, Belkacem"]
[Result "1-0"]
[WhiteElo "1152"]
[BlackElo "1199"]
[PlyCount "61"]
[WhiteTeam "Ech. Marseillais 1872"]
[BlackTeam "C.E. Aubagnais"]

1. d4 d5 2. c4 e6 3. Nc3 Nf6 4. cxd5 exd5 5. Nf3 Nc6 6. e3 Bd6 7. Bd3 O-O 8.
O-O g6 9. a3 Bf5 10. Bxf5 gxf5 11. Qc2 Qd7 12. Nb5 a6 13. Nxd6 cxd6 14. b4 h6
15. Nh4 Ne4 16. f3 Rac8 17. Qd3 Ng5 18. Nxf5 Qe6 19. Re1 Kh8 20. e4 Rg8 21. Bd2
Rce8 22. exd5 Qxd5 23. Rxe8 Nxf3+ 24. Kf2 Nxd2 25. Rxg8+ Kxg8 26. Nxh6+ Kf8 27.
Qxd2 Nxd4 28. Rd1 Qe6 29. Qxd4 Qxh6 30. Qxd6+ Qxd6 31. Rxd6 1-0

[Event "Open Aubagne"]
[Site "Aubagne"]
[Date "2024.02.14"]
[Round "6.2"]
[White "Madi, Chahinez"]
[Black "Battaglia, Gerard"]
[Result "1-0"]
[WhiteElo "1520"]
[BlackElo "1598"]
[PlyCount "87"]
[WhiteTeam "C.E. Aubagnais"]
[BlackTeam "Ech. Marseillais 1872"]

1. e4 d6 2. d4 Nd7 3. Nf3 Ngf6 4. Nc3 e5 5. Bc4 h6 6. Be3 Be7 7. Qe2 O-O 8.
O-O-O Qe8 9. g3 a6 10. Nh4 Nb6 11. Bb3 Ng4 12. Ng6 Nxe3 13. fxe3 exd4 14. exd4
Bg5+ 15. Kb1 Bd7 16. Nxf8 Qxf8 17. Rhf1 Bf6 18. Qh5 Re8 19. Rde1 Be6 20. Bxe6
Rxe6 21. Rd1 c6 22. Qf3 Nd7 23. Ne2 Qe8 24. Nc3 g6 25. a3 Bg7 26. Qf2 Nf6 27.
d5 Re7 28. dxc6 bxc6 29. Rxd6 Ng4 30. Qd2 Bxc3 31. Qxc3 Rc7 32. Rfd1 Rc8 33.
Qd4 c5 34. Qd2 Kh7 35. Rd8 Rxd8 36. Qxd8 Qxe4 37. Qc7 Qf5 38. Qd6 Ne3 39. Rc1
Nc4 40. Qxa6 Qd5 41. Qf6 Nd2+ 42. Ka1 Ne4 43. Qb6 c4 44. Qb4 1-0

[Event "Open Aubagne"]
[Site "Aubagne"]
[Date "2024.02.03"]
[Round "6.3"]
[White "Vrillet, Loan"]
[Black "Maggio, Lucas"]
[Result "1/2-1/2"]
[WhiteElo "1444"]
[BlackElo "1524"]
[PlyCount "106"]
[WhiteTeam "C.E. Aubagnais"]
[BlackTeam "C.E. Aubagnais"]

1. e4 c5 2. Nf3 e6 3. d4 cxd4 4. Nxd4 a6 5. Nc3 Qc7 6. Be3 Nf6 7. f3 Bb4 8.
Nde2 d5 9. Bg5 dxe4 10. Bxf6 gxf6 11. Qd4 Be7 12. Nxe4 e5 13. Qc3 Qxc3+ 14.
N2xc3 Be6 15. O-O-O O-O 16. g4 f5 17. gxf5 Bxf5 18. Bd3 Bg6 19. h4 Nc6 20. Rdg1
Kh8 21. Nd5 Rg8 22. Nef6 Bxf6 23. Nxf6 Rg7 24. Be4 Nd4 25. Rh2 Bxe4 26. Rxg7
Kxg7 27. Nxe4 Nxf3 28. Rh3 Nd4 29. Rg3+ Kh8 30. Rg2 Rg8 31. Ng5 Rg7 32. Rf2 f5
33. c3 h6 34. cxd4 hxg5 35. hxg5 Rxg5 36. dxe5 f4 37. Rxf4 Rxe5 38. Rf7 Rb5 39.
Kc2 Kg8 40. Rf6 Kg7 41. Rd6 Kf7 42. Kc3 Ke7 43. Rd4 Ke6 44. b3 b6 45. a3 Ke5
46. Rh4 Rc5+ 47. Kb2 Kd6 48. Rh6+ Kc7 49. b4 Rg5 50. Rh7+ Kc6 51. Rh6+ Kc7 52.
Rh2 a5 53. Rc2+ Kb7 1/2-1/2

[Event "Open Aubagne"]
[Site "Aubagne"]
[Date "2024.02.03"]
[Round "6.4"]
[White "Mouhieddine, Hocine"]
[Black "Madi, Walid"]
[Result "1-0"]
[WhiteElo "1593"]
[BlackElo "1353"]
[PlyCount "81"]
[WhiteTeam "Ech. Marseillais 1872"]
[BlackTeam "C.E. Aubagnais"]

1. d4 Nf6 2. Nf3 g6 3. g3 Bg7 4. Bg2 d6 5. O-O Nbd7 6. b3 d5 7. Bb2 e6 8. Nbd2
O-O 9. e3 b6 10. c4 Bb7 11. Rc1 dxc4 12. Nxc4 Ne4 13. Nfd2 Nxd2 14. Bxb7 Nxf1
15. Bxa8 Nxg3 16. Bg2 Nh5 17. Ne5 Bxe5 18. dxe5 c5 19. Qd6 Nb8 20. Rd1 Qc8 21.
Qe7 a6 22. Rd6 Re8 23. Qa7 b5 24. Qb6 Rf8 25. Bb7 Qe8 26. Qxc5 a5 27. Bd4 Ng7
28. e4 Qe7 29. Qxb5 Qg5+ 30. Kf1 Qc1+ 31. Ke2 Qc2+ 32. Kf3 g5 33. Be3 f5 34.
exf6 Rxf6+ 35. Kg2 Qc7 36. e5 Rf7 37. Be4 Rf8 38. Qd3 Nf5 39. Rxe6 Nxe3+ 40.
Qxe3 Qf7 41. Rb6 1-0

[Event "Open Aubagne"]
[Site "Aubagne"]
[Date "2024.02.03"]
[Round "6.5"]
[White "Deregnaucourt, Yves"]
[Black "Cotton, Paul"]
[Result "1-0"]
[WhiteElo "1584"]
[BlackElo "1311"]
[PlyCount "35"]
[WhiteTeam "C.E. Aubagnais"]
[BlackTeam "C.E. Aubagnais"]

1. e4 c5 2. d4 cxd4 3. c3 dxc3 4. Nxc3 Nc6 5. Nf3 g6 6. h4 Nf6 7. h5 Nxh5 8.
Rxh5 gxh5 9. Ng5 Bg7 10. Qxh5 Rf8 11. Bc4 Ne5 12. Bb3 h6 13. Nf3 Nd3+ 14. Ke2
Nxc1+ 15. Rxc1 d6 16. Nb5 Rb8 17. Nc7+ Kd7 18. Qb5# 1-0

[Event "Open Aubagne"]
[Site "Aubagne"]
[Date "2024.02.03"]
[Round "6.6"]
[White "Pretini, Augustin"]
[Black "Touaoula, Rachid"]
[Result "0-1"]
[WhiteElo "1284"]
[BlackElo "1507"]
[PlyCount "150"]
[WhiteTeam "C.E. Aubagnais"]
[BlackTeam "Ech. Marseillais 1872"]

1. d4 Nf6 2. c4 g6 3. Nc3 d5 4. Bf4 Bg7 5. e3 O-O 6. Nf3 c6 7. Be2 Re8 8. O-O
Nbd7 9. Ne5 dxc4 10. Bxc4 Nxe5 11. dxe5 Nh5 12. Qxd8 Rxd8 13. Rad1 Bf5 14. Bg5
Re8 15. f4 Bf8 16. Bd3 Ng7 17. Bh6 Rad8 18. Bxf5 Nxf5 19. Rxd8 Rxd8 20. Bxf8
Kxf8 21. e4 Ne3 22. Re1 Nc4 23. Rd1 Ke8 24. Rxd8+ Kxd8 25. b3 Nb6 26. Kf2 Kd7
27. Ke3 Ke6 28. g4 h6 29. a4 a5 30. Kd4 Kd7 31. f5 Na8 32. e6+ Ke8 33. h4 fxe6
34. fxg6 Kf8 35. Ke5 Nc7 36. Ne2 Kg7 37. h5 b5 38. axb5 cxb5 39. Nd4 a4 40.
bxa4 bxa4 41. Ne2 Ne8 42. Kxe6 Nf6 43. Kxe7 Nxe4 44. Nd4 a3 45. Nf5+ Kh8 46.
Kf7 Ng5+ 47. Kf6 a2 48. g7+ Kh7 49. g8=Q+ Kxg8 50. Nxh6+ Kh7 51. Kxg5 a1=Q 52.
Nf5 Qc1+ 53. Kf6 Qc3+ 54. Ke6 Qc4+ 55. Kf6 Qxg4 56. h6 Qf4 57. Ke6 Kg6 58. Ne7+
Kxh6 59. Nf5+ Kh7 60. Ne7 Qe4+ 61. Kf7 Qe5 62. Kf8 Qf6+ 63. Ke8 Qe6 64. Kf8 Qd6
65. Kf7 Qf4+ 66. Ke8 Kg7 67. Kd7 Kf7 68. Nc6 Qd2+ 69. Kc7 Ke8 70. Kb6 Kd7 71.
Ne5+ Ke6 72. Nc6 Kd6 73. Na5 Qb2+ 74. Ka6 Kc7 75. Nc4 Qb4 0-1

[Event "Open Aubagne"]
[Site "Aubagne"]
[Date "2024.02.03"]
[Round "6.7"]
[White "Gamblin, Vincent"]
[Black "Leonti, Denis"]
[Result "1-0"]
[WhiteElo "1425"]
[BlackElo "1172"]
[PlyCount "59"]
[WhiteTeam "Ech. du Roy Rene"]
[BlackTeam "Hay Chess"]

1. c4 c5 2. e4 Nc6 3. Nf3 e6 4. Nc3 Nge7 5. d4 cxd4 6. Nxd4 Nxd4 7. Qxd4 Nc6 8.
Qd1 Bc5 9. Qg4 Qf6 10. Be3 Bxe3 11. fxe3 Ne5 12. Qf4 a6 13. Be2 b6 14. O-O Qxf4
15. exf4 Nc6 16. Rad1 Bb7 17. a3 Rd8 18. Rd6 O-O 19. Rfd1 Bc8 20. Na4 f5 21. e5
Ne7 22. Nxb6 Bb7 23. Rxd7 Rxd7 24. Rxd7 Ng6 25. Rxb7 Nxf4 26. Kf2 Rd8 27. Rd7
Rb8 28. c5 Nd5 29. Nxd5 exd5 30. b4 1-0

[Event "Open Aubagne"]
[Site "Aubagne"]
[Date "2024.02.03"]
[Round "6.8"]
[White "Beneddra, Nassim"]
[Black "Rival, None"]
[Result "1-0"]
[WhiteElo "1266"]
[BlackElo "1397"]
[PlyCount "135"]

[WhiteTeam "Ech. Marseillais 1872"]
[BlackTeam "Ech. Marseillais 1872"]
1. d4 Nf6 2. Nf3 d5 3. e3 c5 4. c4 cxd4 5. Nxd4 e5 6. Nf3 Nc6 7. cxd5 Bb4+ 8.
Bd2 Qxd5 9. Nc3 Qd8 10. Bb5 Bg4 11. Bxc6+ bxc6 12. Qa4 Bxf3 13. gxf3 Qb6 14.
O-O-O Rb8 15. a3 Be7 16. Qc2 Nd7 17. Rhg1 g6 18. Rg2 a5 19. Na4 Qb5 20. Bc3 Nb6
21. Nxb6 Rxb6 22. Rg4 O-O 23. Re4 Bf6 24. Ra4 Ra8 25. Qe4 Bg7 26. Qc4 Qxc4 27.
Rxc4 f6 28. Rd6 Rc8 29. Bxa5 Ra6 30. Bc3 Kf8 31. Bb4 Ke8 32. Rd1 Rc7 33. f4
exf4 34. Rxf4 f5 35. Rc4 Be5 36. h3 Kf7 37. Bc3 Ke6 38. Bxe5 Kxe5 39. Rdd4 Ra5
40. Kb1 c5 41. Rd2 Rb5 42. Ka2 Rcb7 43. a4 Ra5 44. b3 g5 45. Rdc2 Kd5 46. Rd2+
Ke5 47. Kb2 h5 48. Kc3 g4 49. h4 Rc7 50. Rd8 Kf6 51. Rf4 Rf7 52. Rd5 Ke6 53.
Kc4 Rf8 54. Rxc5 Rxc5+ 55. Kxc5 Rc8+ 56. Kb4 Rc1 57. a5 Rh1 58. a6 Ke5 59. Kb5
Rxh4 60. a7 g3 61. fxg3 Rh1 62. a8=Q Rd1 63. Qe8+ Kf6 64. Qc6+ Kg5 65. Qc5 Rd6
66. Qxf5+ Kh6 67. Qf8+ Kg5 68. Qe7+ 1-0

[Event "Open Aubagne"]
[Site "Aubagne"]
[Date "2024.02.03"]
[Round "6.9"]
[White "Roganova, Jeremy"]
[Black "Periale, Albert"]
[Result "0-1"]
[WhiteElo "1290"]
[BlackElo "1203"]
[PlyCount "88"]
[WhiteTeam "C.E. Aubagnais"]
[BlackTeam "C.E. Aubagnais"]

1. e4 e5 2. Nf3 d6 3. Bc4 Be7 4. O-O Nf6 5. Nc3 O-O 6. d4 exd4 7. Nxd4 c5 8.
Nf3 Bg4 9. Bf4 Nc6 10. h3 Bh5 11. Qd3 Nb4 12. Qe2 Bxf3 13. gxf3 Nc6 14. Rad1
Nd4 15. Qd3 Qc8 16. Kh2 Rd8 17. Rg1 a6 18. Bh6 Bf8 19. f4 Kh8 20. Bg5 Be7 21.
e5 dxe5 22. fxe5 Ne6 23. Qg3 Nh5 24. Rxd8+ Qxd8 25. Qh4 Bxg5 26. Qxh5 g6 27.
Qf3 Qe7 28. Nd5 Nd4 29. Qe4 Qd8 30. Nc3 Ne6 31. Qxb7 Bf4+ 32. Kh1 Bxe5 33. Qxf7
Ng5 34. Rxg5 Qxg5 35. Bd5 Rd8 36. Ne4 Qf5 37. Qxf5 gxf5 38. Ng5 Rxd5 39. Kg2
Bxb2 40. Nf3 c4 41. Ng1 Rd2 42. Nf3 Rxc2 43. Nh4 Bd4 44. Nxf5 Rxf2+ 0-1

[Event "Open Aubagne"]
[Site "Aubagne"]
[Date "2024.02.03"]
[Round "6.10"]
[White "Hassaine, Rachid"]
[Black "Normand, Christophe"]
[Result "1-0"]
[WhiteElo "1334"]
[BlackElo "1249"]
[PlyCount "73"]
[WhiteTeam "C.E. Aubagnais"]
[BlackTeam "C.E. Pennois"]

1. e4 e5 2. Bc4 Be7 3. Nf3 Nf6 4. Nxe5 O-O 5. d3 d6 6. Nf3 Nc6 7. O-O Na5 8.
Bb3 Bg4 9. h3 Bh5 10. Nbd2 Nxb3 11. axb3 h6 12. Qe1 Re8 13. e5 Nd7 14. e6 Nc5
15. exf7+ Bxf7 16. Qd1 Bh5 17. Re1 Qd7 18. b4 Ne6 19. c3 Ng5 20. Qb3+ Bf7 21.
Qc2 Nxh3+ 22. gxh3 Qxh3 23. Nh2 Bd5 24. Ne4 b5 25. Re3 Qh5 26. Qe2 Qg6+ 27. Rg3
Qh7 28. Qh5 Kh8 29. Qxd5 Bh4 30. Rg2 Rab8 31. Rxa7 Re5 32. Qc6 Qf5 33. Be3 d5
34. Qxc7 Re7 35. Qxb8+ Kh7 36. Ra8 dxe4 37. Qg8# 1-0

[Event "Open Aubagne"]
[Site "Aubagne"]
[Date "2024.02.03"]
[Round "6.11"]
[White "Belaid, Noa"]
[Black "Hovaguimian, Gerard"]
[Result "1-0"]
[WhiteElo "1163"]
[BlackElo "1324"]
[PlyCount "95"]
[WhiteTeam "C.E. Aubagnais"]
[BlackTeam "Hay Chess"]

1. e4 c5 2. Nf3 Nc6 3. Bc4 g6 4. Nc3 Bg7 5. d3 Na5 6. Bb3 Nf6 7. Bf4 O-O 8. Qd2
Nxb3 9. axb3 Re8 10. O-O d6 11. Rfe1 e5 12. Bg5 Qd7 13. Bxf6 Bxf6 14. Nd5 Bd8
15. Qh6 f6 16. Nd2 b5 17. Re3 Qg7 18. Qxg7+ Kxg7 19. Nc3 a6 20. Nxb5 Be7 21.
Nc7 Bb7 22. Nxe8+ Rxe8 23. Nc4 Rc8 24. h3 Rc6 25. Na5 Rc7 26. Nxb7 Rxb7 27.
Rxa6 Kf7 28. Re1 Ke6 29. Rea1 h5 30. Ra8 Rd7 31. R1a7 Rxa7 32. Rxa7 Bf8 33. Kf1
Bh6 34. Ke2 Bf8 35. Ra4 h4 36. b4 cxb4 37. Rxb4 Kd7 38. Rc4 Be7 39. b4 Bd8 40.
b5 Bb6 41. Rc6 Ba7 42. f3 g5 43. Kd2 Bc5 44. Rxc5 dxc5 45. Kc3 Kc7 46. Kc4 Kb6
47. c3 g4 48. hxg4 1-0

[Event "Open Aubagne"]
[Site "Aubagne"]
[Date "2024.02.03"]
[Round "6.12"]
[White "Giraudoux Lognos, Lina"]
[Black "Gomez, Guy"]
[Result "0-1"]
[WhiteElo "1199"]
[BlackElo "1480"]
[PlyCount "36"]
[WhiteTeam "C.E. Aubagnais"]
[BlackTeam "C.E. Aubagnais"]

1. d4 e6 2. Bf4 d5 3. Nf3 Nf6 4. e3 Be7 5. Nbd2 O-O 6. Bd3 c5 7. Bg5 cxd4 8.
exd4 a6 9. Bxf6 Bxf6 10. Qe2 h6 11. O-O-O Qb6 12. Nb3 Nd7 13. Kb1 Re8 14. h4 e5
15. dxe5 Nxe5 16. g4 Bxg4 17. Nbd2 Nxf3 18. Qf1 Qxb2# 0-1

[Event "Open Aubagne"]
[Site "Aubagne"]
[Date "2024.02.03"]
[Round "6.13"]
[White "Boudet, Nicole"]
[Black "Moerenhout, Jean Claude"]
[Result "1/2-1/2"]
[WhiteElo "1083"]
[BlackElo "1261"]
[PlyCount "131"]
[WhiteTeam "C.E. Pennois"]
[BlackTeam "C.E. Aubagnais"]

1. e4 e5 2. Nf3 Nc6 3. d4 exd4 4. Nxd4 Bc5 5. Nxc6 bxc6 6. Bd3 d6 7. O-O h6 8.
Qe1 Be6 9. Be3 Bb6 10. a4 a5 11. Bxb6 cxb6 12. e5 dxe5 13. Qxe5 Nf6 14. Bf5 O-O
15. Bxe6 fxe6 16. Nc3 Re8 17. Rad1 Qe7 18. Rfe1 Qb4 19. h3 Qxb2 20. Rd6 Kh8 21.
Re2 Rac8 22. g4 Re7 23. f3 Nd7 24. Qe3 Qb4 25. Rxe6 Rxe6 26. Qxe6 Qxc3 27. Qxd7
Rf8 28. Qd3 Qxd3 29. cxd3 Rxf3 30. Re6 Rf6 31. Re8+ Kh7 32. Kg2 Rd6 33. Rc8 c5
34. Rb8 Rxd3 35. Rxb6 Ra3 36. Rb5 Rxa4 37. Rxc5 Ra2+ 38. Kg3 a4 39. Ra5 Kg6 40.
Ra6+ Kf7 41. Ra7+ Kf6 42. Ra6+ Ke5 43. Rg6 a3 44. Rxg7 Ra1 45. Re7+ Kd4 46. Kh4
Kc3 47. Re3+ Kb2 48. Re2+ Kc3 49. Re3+ Kb4 50. Re4+ Kc3 51. Kh5 Rb1 52. Re3+
Kb2 53. Kxh6 a2 54. Re2+ Ka3 55. Rxa2+ Kxa2 56. h4 Rb6+ 57. Kh5 Kb3 58. g5 Kc4
59. g6 Kd5 60. Kh6 Ke5 61. h5 Kf5 62. Kh7 Kg5 63. g7 Rh6+ 64. Kg8 Rxh5 65. Kf7
Rh7 66. Kf8 1/2-1/2

[Event "Open Aubagne"]
[Site "Aubagne"]
[Date "2024.02.02"]
[Round "6.14"]
[White "Innocenti, Georges"]
[Black "Evrard, Nicolas"]
[Result "1/2-1/2"]
[WhiteElo "1009"]
[BlackElo "1259"]
[PlyCount "98"]
[WhiteTeam "C.E. Aubagnais"]
[BlackTeam "Salon Nostradamus"]

1. e4 c6 2. Nc3 e5 3. Nf3 d6 4. d4 exd4 5. Nxd4 Be7 6. Be3 Bd7 7. Be2 Nf6 8.
Qd2 c5 9. Nf3 Nc6 10. Bd3 a6 11. Nd5 Nxd5 12. exd5 Nb4 13. c4 a5 14. a3 Na6 15.
Qc2 g6 16. Bd2 O-O 17. Qc3 Bf6 18. Qc2 Re8+ 19. Be3 Bg4 20. Be2 Rxe3 21. fxe3
Qe7 22. Qd2 Re8 23. h3 Bd7 24. O-O Qxe3+ 25. Qxe3 Rxe3 26. Rfe1 Rb3 27. Ra2
Rxb2 28. Rxb2 Bxb2 29. Rb1 Bxa3 30. Rxb7 Bf5 31. Rb3 Bb4 32. Re3 Kf8 33. Ng5 h5
34. g4 hxg4 35. hxg4 Bc2 36. Rf3 f5 37. gxf5 gxf5 38. Bd3 Bxd3 39. Rxd3 f4 40.
Ne6+ Kf7 41. Nxf4 a4 42. Ne2 a3 43. Nc1 Nc7 44. Na2 Na6 45. Re3 Bd2 46. Re2 Bb4
47. Re6 Bd2 48. Re2 Bb4 49. Re6 Bd2 1/2-1/2

[Event "Open Aubagne"]
[Site "Aubagne"]
[Date "2024.02.03"]
[Round "6.15"]
[White "Roux, Jean-Marie"]
[Black "Belaid, Myriam"]
[Result "1-0"]
[WhiteElo "1252"]
[BlackElo "1199"]
[PlyCount "67"]
[WhiteTeam "Ech. du Roy Rene"]
[BlackTeam "C.E. Aubagnais"]

1. e4 c5 2. Nf3 d6 3. Nc3 Nc6 4. Bc4 Nf6 5. d3 g6 6. Bg5 Bg7 7. Qd2 h6 8. Be3
O-O 9. Bxh6 Kh7 10. Bxg7 Kxg7 11. h4 Rh8 12. O-O-O Bg4 13. Kb1 Nd4 14. Qe3 e5
15. Rdf1 Rh5 16. Ng5 Qe7 17. Bxf7 Rah8 18. g3 b5 19. f3 Bd7 20. Bd5 b4 21. Ne2
Nxd5 22. exd5 Ba4 23. b3 Bb5 24. Nf4 Qc7 25. Nfe6+ Nxe6 26. Nxe6+ Kf7 27. Nxc7
Bd7 28. f4 Rc8 29. Ne6 Bxe6 30. dxe6+ Kxe6 31. fxe5 Rxe5 32. Qf3 Rf5 33. Re1+
Kf6 34. Qb7 1-0

[Event "Open Aubagne"]
[Site "Aubagne"]
[Date "2024.02.03"]
[Round "6.16"]
[White "Pouliquen, Gilbert"]
[Black "Turpin, Isabelle"]
[Result "1-0"]
[WhiteElo "1152"]
[BlackElo "1111"]
[PlyCount "99"]
[WhiteTeam "Ech. Marseillais 1872"]
[BlackTeam "C.E. Aubagnais"]

1. d4 Nf6 2. c4 d5 3. Nc3 c6 4. cxd5 cxd5 5. Nf3 Bg4 6. e3 g6 7. Bb5+ Nbd7 8.
O-O a6 9. Be2 Bg7 10. Ne5 Bxe2 11. Qxe2 O-O 12. e4 Nxe5 13. dxe5 Nxe4 14. Nxe4
dxe4 15. Qxe4 Qc7 16. Bf4 e6 17. Rfc1 Qd7 18. Rab1 Rac8 19. Rxc8 Rxc8 20. g3 h6
21. h4 f5 22. exf6 Bxf6 23. Bxh6 Kf7 24. b4 Qa4 25. Qxb7+ Be7 26. Qxc8 Qxa2 27.
Qc1 Qa4 28. Qf4+ Ke8 29. b5 Qa2 30. Qe4 axb5 31. Rxb5 Qa1+ 32. Kg2 Qa7 33.
Qxg6+ Kd7 34. Qe4 Qa6 35. Qb7+ Qxb7+ 36. Rxb7+ Ke8 37. Bg5 Bd6 38. h5 Kf8 39.
h6 Be5 40. f4 Bh8 41. Re7 Kg8 42. Rxe6 Kh7 43. f5 Kg8 44. Bf6 Kh7 45. Bxh8 Kxh8
46. g4 Kg8 47. Re7 Kh8 48. Ra7 Kg8 49. f6 Kh8 50. f7 1-0

[Event "Open Aubagne"]
[Site "Aubagne"]
[Date "2024.02.03"]
[Round "6.18"]
[White "Jardel, Stephane"]
[Black "Roubinet, Tao"]
[Result "1/2-1/2"]
[WhiteElo "1199"]
[BlackElo "1099"]
[PlyCount "106"]
[WhiteTeam "C.E. Aubagnais"]
[BlackTeam "C.E. Aubagnais"]

1. c4 c5 2. Nc3 d6 3. d3 Nc6 4. g3 e6 5. Bg2 Nf6 6. Nf3 Bd7 7. O-O Be7 8. Bd2
a6 9. a3 O-O 10. Na2 Qb6 11. Rb1 d5 12. cxd5 Nxd5 13. e4 Nc7 14. Be3 a5 15. d4
cxd4 16. Nxd4 Bc5 17. Nxc6 Bxc6 18. Bxc5 Qxc5 19. Nc3 f5 20. Rc1 Nb5 21. Ne2
Qe5 22. a4 Rad8 23. Qe1 Nd4 24. Nc3 b5 25. f4 Qc5 26. Nxb5 Nc2+ 27. Qf2 Qxf2+
28. Rxf2 Nb4 29. Nc3 Nd3 30. Rcc2 Nxf2 31. Kxf2 fxe4 32. Bxe4 Bxe4 33. Nxe4 e5
34. Nc5 Rc8 35. Kf3 Rf5 36. Ke4 Rf7 37. fxe5 Rfc7 38. Kd5 Kf7 39. Kd6 Kg6 40.
Rc4 Rc6+ 41. Kd5 Kf5 42. g4+ Kg6 43. h4 h5 44. g5 Kf5 45. e6 R6c7 46. Kd6 Rc6+
47. Kd5 Kg6 48. b3 Kh7 49. e7 R6c7 50. Kd6 Rc6+ 51. Kd5 R6c7 52. Kd6 Rc6+ 53.
Kd5 R6c7 1/2-1/2

[Event "Open Aubagne"]
[Site "Aubagne"]
[Date "2024.02.03"]
[Round "6.19"]
[White "Peucelle, Richard"]
[Black "Periale, Francine"]
[Result "1-0"]
[WhiteElo "1199"]
[BlackElo "1199"]
[PlyCount "49"]
[WhiteTeam "C.E. Aubagnais"]
[BlackTeam "C.E. Aubagnais"]

1. e4 e5 2. Nf3 Nc6 3. Bc4 Bc5 4. O-O Nf6 5. d4 exd4 6. e5 Nd5 7. Bxd5 O-O 8.
Re1 Ne7 9. Bg5 c6 10. Bc4 Qe8 11. c3 Nf5 12. b4 Bb6 13. Bb3 h6 14. Bc1 dxc3 15.
Nxc3 Nd4 16. Nxd4 Qe7 17. Ba3 a5 18. Nf5 Qg5 19. Qd3 axb4 20. Bxb4 c5 21. Bxc5
Bxc5 22. Ng3 Bxf2+ 23. Kxf2 Qh4 24. Bc2 Ra6 25. Qh7# 1-0

[Event "Open Aubagne"]
[Site "Aubagne"]
[Date "2024.02.03"]
[Round "6.20"]
[White "Guelai, Belkacem"]
[Black "Burnel, Marie-France"]
[Result "1-0"]
[WhiteElo "1199"]
[BlackElo "1199"]
[PlyCount "23"]
[WhiteTeam "C.E. Aubagnais"]
[BlackTeam "C.E. Aubagnais"]

1. e4 e5 2. Nf3 Nc6 3. Nc3 h6 4. Bc4 d6 5. d4 exd4 6. Nxd4 Na5 7. Bxf7+ Kxf7 8.
Qh5+ Ke7 9. Nd5+ Kd7 10. Qf7+ Qe7 11. Nxe7 Bxe7 12. Qxg7 1-0

[Event "Open Aubagne"]
[Site "Aubagne"]
[Date "2024.02.03"]
[Round "6"]
[White "Autouard, Jean-Luc"]
[Black "Roubinet, Luan"]
[Result "1-0"]
[WhiteElo "1200"]
[BlackElo "1199"]
[PlyCount "159"]

1. e4 c5 2. f4 d6 3. Nf3 Nf6 4. Nc3 a6 5. Bc4 e6 6. O-O Be7 7. f5 b5 8. Be2 O-O
9. d3 Bb7 10. Qe1 Nbd7 11. Qg3 Kh8 12. Qh3 exf5 13. Qxf5 g6 14. Qh3 d5 15. Ng5
Nh5 16. Nxf7+ Rxf7 17. Rxf7 Ndf6 18. e5 Qe8 19. Qe6 Ng8 20. Rf2 c4 21. Nxd5 Bc5
22. Qxe8 Bxf2+ 23. Kxf2 Rxe8 24. dxc4 bxc4 25. Bxc4 Rxe5 26. b3 Bxd5 27. Bb2
Bxc4 28. Bxe5+ Ngf6 29. bxc4 Kg8 30. Bxf6 Nxf6 31. c5 Kf8 32. Ke3 Ke7 33. Rd1
Ne8 34. Rd3 Ke6 35. a4 a5 36. Kd4 Kd7 37. Kc4+ Kc6 38. Re3 Nc7 39. Rf3 Ne6 40.
Rf6 Kd7 41. Kd5 Nc7+ 42. Kc4 Ke7 43. Rd6 Ne8 44. Ra6 Kd7 45. Rxa5 Kc6 46. Ra6+
Kb7 47. Rb6+ Kc7 48. a5 Kc8 49. a6 g5 50. a7 Nc7 51. Rb8+ Kd7 52. a8=Q Nxa8 53.
Rxa8 Kc6 54. Ra6+ Kb7 55. g4 Kxa6 56. Kd5 Kb7 57. Kd6 Kc8 58. Ke6 Kc7 59. Kf6
Kc6 60. Kxg5 Kxc5 61. Kh6 Kc4 62. Kxh7 Kc3 63. g5 Kxc2 64. g6 Kd3 65. h4 Ke4
66. g7 Kf5 67. g8=Q Kf6 68. h5 Kf5 69. h6 Kf6 70. Qg7+ Kf5 71. Kg8 Kf4 72. h7
Kf5 73. h8=Q Kf4 74. Qh5 Ke4 75. Qgg4+ Ke3 76. Qhh3+ Kf2 77. Qgf3+ Ke1 78. Qa3
Kd1 79. Qa2 Ke1 80. Qh1# 1-0

[Event "Open Aubagne"]
[Site "Aubagne"]
[Date "2024.02.17"]
[Round "7.1"]
[White "Madi, Mohammed"]
[Black "Madi, Chahinez"]
[Result "1-0"]
[WhiteElo "1464"]
[BlackElo "1520"]
[PlyCount "57"]
[WhiteTeam "C.E. Aubagnais"]
[BlackTeam "C.E. Aubagnais"]

1. e4 c5 2. Nf3 d6 3. d4 cxd4 4. Nxd4 Nf6 5. Nc3 a6 6. f3 e5 7. Nb3 Be6 8. Be3
Be7 9. Qd2 O-O 10. O-O-O Nbd7 11. g4 b5 12. g5 Nh5 13. Nd5 Bxd5 14. exd5 Nb6
15. Na5 Qc7 16. Nc6 Rfe8 17. Kb1 f6 18. Nxe7+ Rxe7 19. Rg1 Rc8 20. gxf6 Nxf6
21. Bxb6 Qxb6 22. Bh3 Nd7 23. Rg3 Rf8 24. Qg5 Qd8 25. Rdg1 Nb6 26. Qh6 g6 27.
Be6+ Kh8 28. Rxg6 Qc7 29. Qxf8# 1-0

[Event "Open Aubagne"]
[Site "Aubagne"]
[Date "2024.02.17"]
[Round "7.2"]
[White "Mouhieddine, Hocine"]
[Black "Deregnaucourt, Yves"]
[Result "1/2-1/2"]
[WhiteElo "1593"]
[BlackElo "1584"]
[PlyCount "75"]
[WhiteTeam "Ech. Marseillais 1872"]
[BlackTeam "C.E. Aubagnais"]

1. d4 f5 2. Qd3 d6 3. g4 fxg4 4. h3 Nf6 5. hxg4 Bxg4 6. Bg5 Qd7 7. Bxf6 exf6 8.
Nh3 d5 9. Nf4 Bf5 10. Qb3 Nc6 11. e3 Be4 12. Bh3 f5 13. Rg1 Bd6 14. Nd2 Bxf4
15. exf4 Nxd4 16. Qxb7 Nxc2+ 17. Ke2 O-O 18. Rac1 Rab8 19. Qa6 Nb4 20. Qxa7
Qb5+ 21. Kd1 Nd3 22. Rxg7+ Kxg7 23. Rxc7+ Kf6 24. Nxe4+ dxe4 25. Rg7 Nxb2+ 26.
Ke1 Nd3+ 27. Kf1 Nxf4+ 28. Kg1 Nxh3+ 29. Kh2 Qe5+ 30. Kxh3 Qc3+ 31. Kh4 Ke5 32.
Qe7+ Kd4 33. Qd7+ Kc4 34. Qa4+ Kd3 35. Rg3+ Kd2 36. Rxc3 Kxc3 37. Qa3+ Kd4 38.
Qd6+ 1/2-1/2

[Event "Open Aubagne"]
[Site "Aubagne"]
[Date "2024.02.17"]
[Round "7.3"]
[White "Maggio, Lucas"]
[Black "Gamblin, Vincent"]
[Result "0-1"]
[WhiteElo "1524"]
[BlackElo "1425"]
[PlyCount "48"]
[WhiteTeam "C.E. Aubagnais"]
[BlackTeam "Ech. du Roy Rene"]

1. e4 c5 2. Nf3 e6 3. d4 cxd4 4. Nxd4 Nf6 5. Nc3 Bb4 6. e5 Nd5 7. Bd2 Nxc3 8.
bxc3 Be7 9. Qg4 g6 10. Bd3 Nc6 11. Nxc6 dxc6 12. h4 Qc7 13. Qg3 Bd7 14. a4 c5
15. c4 Bc6 16. a5 a6 17. Bf4 O-O-O 18. Ke2 Rd4 19. Be3 Rdd8 20. f4 Rhg8 21. Qf2
h5 22. Rhg1 Rh8 23. Bxc5 Bxc5 24. Qxc5 Bf3+ 0-1

[Event "Open Aubagne"]
[Site "Aubagne"]
[Date "2024.02.17"]
[Round "7.4"]
[White "Touaoula, Rachid"]
[Black "Vrillet, Loan"]
[Result "0-1"]
[WhiteElo "1507"]
[BlackElo "1444"]
[PlyCount "81"]
[WhiteTeam "Ech. Marseillais 1872"]
[BlackTeam "C.E. Aubagnais"]

1. Nf3 d5 2. b3 Nf6 3. Bb2 e6 4. e3 Be7 5. Be2 O-O 6. O-O Nbd7 7. c4 Re8 8. Qc2
Bf8 9. d4 b6 10. Nbd2 Bb7 11. Rac1 c5 12. Bd3 cxd4 13. exd4 Rc8 14. Qb1 g6 15.
Rfe1 Bh6 16. Rcd1 Qc7 17. h3 Bg7 18. Rc1 Qb8 19. a3 Nh5 20. Qa1 Bh6 21. Rcd1
Qa8 22. Bf1 Red8 23. cxd5 Bxd5 24. Bc4 Nf4 25. Kh2 Qb8 26. g3 Nh5 27. Qb1 Ndf6
28. Ne5 Ng7 29. Qd3 Nf5 30. g4 Bf4+ 31. Kg1 Nh4 32. Bxd5 Nxd5 33. Ndf3 Nxf3+
34. Qxf3 f6 35. Nd3 Re8 36. Re4 g5 37. Bc1 Bxc1 38. Nxc1 Rc3 39. Qh1 Nf4 40. f3
Rc2 41. Nd3 0-1

[Event "Open Aubagne"]
[Site "Aubagne"]
[Date "2024.02.17"]
[Round "7.5"]
[White "Battaglia, Gerard"]
[Black "Beneddra, Nassim"]
[Result "1-0"]
[WhiteElo "1598"]
[BlackElo "1266"]
[PlyCount "93"]
[WhiteTeam "Ech. Marseillais 1872"]
[BlackTeam "Ech. Marseillais 1872"]

1. d4 d5 2. c4 e6 3. Nf3 a6 4. a4 b6 5. e3 Bb7 6. Nc3 Nf6 7. Bd2 c5 8. b3 Nc6
9. cxd5 Nxd5 10. Be2 Be7 11. Rc1 cxd4 12. exd4 Bf6 13. Be3 Nxe3 14. fxe3 Bh4+
15. g3 Bf6 16. O-O h5 17. Ne4 Be7 18. Nf2 h4 19. g4 Bg5 20. Rc3 Nb4 21. e4 Bf6
22. Qd2 Nc6 23. Rd1 Be7 24. Rcc1 h3 25. Qf4 Rh6 26. e5 Nb4 27. Bc4 Bd5 28. Kf1
Rc8 29. Bxd5 Nxd5 30. Rxc8 Qxc8 31. Qc1 Qb7 32. g5 Rg6 33. Nxh3 Ba3 34. Qxa3
Ne3+ 35. Ke2 Nxd1 36. b4 Qe4+ 37. Kxd1 Qg4 38. Nf2 Qg2 39. Ke2 f5 40. Qe3 Ke7
41. h4 Qg3 42. h5 f4 43. Qe4 Rxg5 44. Nxg5 Qxg5 45. Qf3 Qf5 46. Nd3 Kf7 47.
Qxf4 1-0

[Event "Open Aubagne"]
[Site "Aubagne"]
[Date "2024.02.17"]
[Round "7.6"]
[White "Madi, Walid"]
[Black "Vrillet, Sylvain"]
[Result "1-0"]
[WhiteElo "1353"]
[BlackElo "1539"]
[PlyCount "81"]
[WhiteTeam "C.E. Aubagnais"]
[BlackTeam "C.E. Aubagnais"]

1. d4 d5 2. c4 Bf5 3. Nc3 e6 4. Nf3 c6 5. cxd5 exd5 6. h3 Nd7 7. Bg5 Ngf6 8. e3
Qb6 9. Qb3 Be7 10. Be2 O-O 11. Ne5 Qc7 12. Nd3 Rfe8 13. Bf4 Bd6 14. Bxd6 Qxd6
15. O-O b6 16. Nf4 h6 17. Rac1 g5 18. Nd3 Ne4 19. Nxe4 Bxe4 20. Rfd1 Rac8 21.
Bg4 f5 22. Bh5 Rf8 23. Ne1 Nf6 24. Be2 f4 25. f3 fxe3 26. fxe4 Qg3 27. Bf3 Nxe4
28. Qxe3 Rce8 29. Rd3 Qd6 30. Bxe4 Rxe4 31. Qg3 Qb4 32. Rdd1 Re2 33. Qd3 Rff2
34. Qg6+ Kf8 35. Qxh6+ Kf7 36. Qxg5 Qxb2 37. Rxc6 Qb4 38. Qxd5+ Kg7 39. Qd7+
Rf7 40. Qg4+ Kf8 41. Qxe2 1-0